000
00382nam a2200145Ia 4500
008
100122s9999 xx 000 0 und d
082
_b
71928
_a
823
100
_a
नाईक गुरुनाथ
245
_a
आहुती
260
_b
गीता एजन्सीज
_c
2007
300
_a
184
630
_a
आहुती
730
_a
आहुती
942
_c
BOOK
999
_c
442365
_d
442362